LDR 00720naa#a2200193#i#450# 001 EN\\bibl\124527 005 20260602074613.2 011 ## _a2588-0209 100 ## _a20260601b2026####ek#y0engy0150####ca 102 ## _aRU 200 1# _aSURVIVAL OF SCOTTS PINE (PINUS SYLVESTRIS L.) DURING COMPENSATORY FOREST RESTORATION IN THE CONDITIONS OF A GORNYI ULUS OF THE REPUBLIC OF SAKHA (YAKUTIA) _eJournal article 210 1# _aMoscow _cElectronic science _d2026 215 ## _a10 с. 608 ## _aJournal article _2local 675 ## _aЛесное хозяйство. Лесоводство. 630 _z 700 #1 _aVinokurov _gMihail Danilovich 700 #1 _aNikolaeva _gFevron'ya Vasil'evna 700 #1 _aPetrova _gSvetlana Anatol'evna 856 4# _aiacj.ru _u